Plan de negocio del acopio de papel en desuso de la asociación de padres de familia los pipitos Chinandega

Presenta la implementación de un plan de negocios orientado a la creación de un acopio de papel para reciclaje en el departamento de Chinandega, con el mismo se pretende contribuir a la preservación del medio ambiente, la generación de empleos a las personas con discapacidad auditiva integrados...

Full description

Bibliographic Details
Main Authors: Martínez Núñez, Linda Mariela, Valle Pérez, Carmen Hebe, González Pérez, Elieth Isabel
Other Authors: Tutor: Torrez Mercado, Ronald
Format: Tesis Section = Libro
Language:Undetermined
Spanish
Published: Managua UNI 2010
Subjects:
LEADER 01286nam a2200277Ia 4500
008 240830s9999 xx 000 0 und d
040 |a BIBLIOTECA-RUPAP T.Mon 676.142 M385 
041 |a spa 
082 |a T.Mon 676.142 M385 
100 1 |a Martínez Núñez, Linda Mariela 
100 1 |b  Valle Pérez, Carmen Hebe 
100 1 |c  González Pérez, Elieth Isabel 
245 1 0 |a Plan de negocio del acopio de papel en desuso de la asociación de padres de familia los pipitos Chinandega 
260 |a Managua  |b UNI  |c 2010 
300 |a 75 p. :il. 
500 |a Contiene: anexos e Incluye: CD. 
502 |a Tesis (Ingeniero de Sistemas)- UNI, 2010. 
520 3 |a Presenta la implementación de un plan de negocios orientado a la creación de un acopio de papel para reciclaje en el departamento de Chinandega, con el mismo se pretende contribuir a la preservación del medio ambiente, la generación de empleos a las personas con discapacidad auditiva integrados en la asociación los Pipitos y el apoyo a las actividades de dicha asociación. 
650 7 |a RECICLAJE DE PAPEL 
650 7 |b ANÁLISIS DE MERCADO 
650 7 |c ESTUDIO TÉCNICO 
650 7 |d ESTUDIO FINANCIERO 
700 1 |a Tutor:  |b Torrez Mercado, Ronald 
942 |c BK  |2 ddc 
991 |a TESIS 
999 |c 18790